| 000 | 01338nam a22002777a 4500 | ||
|---|---|---|---|
| 999 |
_c169913 _d169913 |
||
| 005 | 20191207164647.0 | ||
| 008 | 180628b xxu||||| |||| 00| 0 eng d | ||
| 010 | _aB-245076 | ||
| 020 |
_c200.00 _a8188536199 |
||
| 035 | _aB-245076 | ||
| 037 | _bCen Lib/Ret | ||
| 040 |
_aDPL _bHN |
||
| 082 |
_a616.462 _bचटर्जी |
||
| 100 |
_aचटर्जी, सुचित्रा वी. _985688 |
||
| 245 |
_aडायबिटीज़ और गठिया : _cसुचित्रा वी.चटर्जी [और] मृदुला शर्मा _bरोग और उपचार / |
||
| 246 |
_aDiabetes aur gathiya : rog aur upchar / _bby Suchitra V.Chaterjee [aur] Mridula Sharma |
||
| 260 |
_aदिल्ली _bगुरुकुल विद्यापीठ प्रकाशन _c2008 |
||
| 270 |
_aसी-9/96, यमुना विहार _bदिल्ली _e110053 |
||
| 300 |
_a144पृ. : _c20सेमी(सजिल्द) _bसचित्र |
||
| 650 |
_aमधुमेह -- उपचार _995444 |
||
| 650 |
_aगठिया -- उपचार _995445 |
||
| 650 |
_aDiabetes - Treatment _991408 |
||
| 650 |
_aArthritis - Treatment _995446 |
||
| 700 |
_aशर्मा, मृदुला _995447 |
||
| 942 |
_2ddc _cHN _h616.462 _mचटर्जी |
||